कणव (Record no. 309064)

MARC details
000 -LEADER
fixed length control field 00460nam a2200169Ia 4500
008 - FIXED-LENGTH DATA ELEMENTS--GENERAL INFORMATION
fixed length control field 090711s9999 xx 000 0 und d
082 ## - DEWEY DECIMAL CLASSIFICATION NUMBER
Item number 33857
100 ## - MAIN ENTRY--PERSONAL NAME
Personal name बुद्धिसागर शांता
245 ## - TITLE STATEMENT
Title कणव
260 ## - PUBLICATION, DISTRIBUTION, ETC. (IMPRINT)
Date of publication, distribution, etc 1976
300 ## - PHYSICAL DESCRIPTION
Extent 93
600 ## - SUBJECT ADDED ENTRY--PERSONAL NAME
Personal name बुद्धिसागर शांता
630 ## - SUBJECT ADDED ENTRY--UNIFORM TITLE
Uniform title कणव
700 ## - ADDED ENTRY--PERSONAL NAME
Personal name बुद्धिसागर शांता
730 ## - ADDED ENTRY--UNIFORM TITLE
Uniform title कणव
942 ## - ADDED ENTRY ELEMENTS (KOHA)
Koha item type Book
Holdings
Withdrawn status Lost status Damaged status Not for loan Home library Current library Date acquired Cost, normal purchase price Total Checkouts Full call number Barcode Date last seen Cost, replacement price Price effective from Koha item type
        Dadar Sarvajanik Vachanalaya, Dardar Dadar Sarvajanik Vachanalaya, Dardar 07/11/2009 7.00   33857 DASAVA-33857 07/11/2009 7.00 07/11/2009 Book